000 00603nam a2200217Ia 4500
003 OSt
005 20220923230920.0
006 a|||||r|||| 00| 0
007 ta
008 Pun
024 _a306,420
037 _cTextual
040 _aARTS
_cARTS
_bPun
041 _2Pun
_aPun
082 _aO153,6N10:g, L3
100 _aਅਜੀਤ ਸਿੰਘ, ਥਦ.
245 0 _aਪਿਆਰਾ ਸਿੰਘ ਦਾਤਾ ਤੇ ਉਸਦਾ ਹਾਸ-ਵਿਅੰਗ
260 _c1973
942 _hO153,6N10:g, L3
_cTEXL
_2CC
999 _c388201
_d388201